| 000 | 00000nam 2200000zi 4500 |
| 001 | 9.945364 |
| 003 | CaOODSP |
| 005 | 20241204100429 |
| 006 | m o d f |
| 007 | cr |n||||||||| |
| 008 | 241120m19611963onc o f001 0 eng d |
| 040 | |aCaOODSP|beng|erda|cCaOODSP |
| 043 | |an-cn--- |
| 086 | 1 |aSP91-1/1961E-PDF|zSP91-C/1961 |
| 245 | 00|aCanadian government publications : |boutline of classification. |
| 246 | 35|aOutline of classification for Canadian government publications |
| 246 | 34|aOutline of classification, 1961 |
| 264 | 1|aOttawa, Canada : |bQueen's Printer, |c1963. |
| 300 | |a1 online resource (1 volume (various pagings)) |
| 336 | |atext|btxt|2rdacontent |
| 337 | |acomputer|bc|2rdamedia |
| 338 | |aonline resource|bcr|2rdacarrier |
| 500 | |aIssued also in French under title: Publications du gouvernement fédéral : exposé de classification. |
| 500 | |aDigitized edition from print [produced by Government of Canada Publications Directorate]. |
| 500 | |aIncludes index. |
| 500 | |a"Documents Library, Department of Public Printing and Stationery, Ottawa, Sept. 1961." |
| 650 | 0|aClassification|xGovernment publications. |
| 650 | 0|aGovernment publications|zCanada. |
| 710 | 1 |aCanada.|bDepartment of Public Printing and Stationery, |eissuing body |
| 775 | 08|tPublications du gouvernement fédéral : |w(CaOODSP)9.945650 |
| 856 | 40|qPDF|s4.63 MB|uhttps://publications.gc.ca/collections/collection_2024/spac-pspc/SP91-1-1961-eng.pdf |